000
00317nam a2200133Ia 4500
008
150201s2006 xx 000 0 und d
082
_a
610.73
_b
L06E
100
_a
EDOZIEN, LEROY
245
_a
THE LABOUR WARD HAND BOOK
260
_b
RSM PRESS
_a
U.K.
_c
2006
300
_a
242
650
_a
NURSING
942
_2
ddc
_c
BK
_0
4
999
_c
2268
_d
2268